00962naa a22002657a 4500001001000000003000900010005001700019007000300036008003400039040005400073041000900127072001400136100002000150100002100170100001800191100001900209111010200228245003800330260003800368500012400406650001000530650001300540650002200553773012100575BR9509938BR-BrBNA20240918181439.0ta230509b bl.||||| |||| 00| 0 por d aBR-BrBNAbporcBiblioteca Nacional de Agricultura a(Pt) aF30b01401 aFederizzi, L.C.1 aCarvalho, F.I.F.1 aPacheco, M.T.1 aBaptista, R.L.1 a15. Reuniao da Comissao Sulbrasileira de Pesquisa de AveiacEntre Rios, PR (Brazil)d5-7 Apr 19951 aEnsaio sulbrasileiro de linhagens3 aGuarapuava, PR (Brasil): c1995.  a15. Reuniao da Comissao Sulbrasileira de Pesquisa de Aveia Guarapuava, PR (Brasil): 1995. p. 136-138 (BR9509938-AM)F30  aAveia aLinhagem aRio Grande do Sul0 t15. Reuniao da Comissao Sulbrasileira de Pesquisa de AveiawF30 BR9509938gGuarapuava, PR (Brasil), 1995. p. 136-138